[Event "25th Bosnjaci Open 2020"]
[Site "Bosnjaci"]
[Date "2020.01.07"]
[Round "7.12"]
[White "Nikic, Patrick"]
[Black "Stocko, Josip"]
[Result "1-0"]
[WhiteElo "2076"]
[BlackElo "2262"]
[Annotator "TA"]
[PlyCount "73"]
[EventDate "2020.01.03"]
[EventType "swiss"]
[EventCountry "CRO"]
[SourceTitle "playchess.com"]
[Source "ChessBase"]
[SourceQuality "1"]

{[%evp 11,109,56,58,44,57,-1,25,22,31,-2,20,10,10,5,23,15,20,25,29,6,19,19,32,17,10,13,21,20,18,24,27,0,31,14,51,47,41,0,52,-28,0,-41,-46,-54,22,-54,-39,-29,-16,-29,512,520,795,805,783,640,772,795,725,440,449,438,362,327,308,307,266,283,367,358,341,338,390,379,376,297,406,364,496,393,664,676,670,667,662,610,606,640,639,638,946,881,915,900,12839,12838,29987,29988,29988,29989]} 1. e4 g6 2. d4 Bg7 3. Nc3 d6 4. f4 a6 5. Nf3 b5 6. Bd3 Bb7 7. e5 $146 {B06: Modern Defence} (7. O-O Nd7 8. e5 e6 9. Be4 Bxe4 10. Nxe4 d5 11. Nf2 c5 12. c3 Ne7 13. Be3 Rc8 14. a4 Nf5 15. Qe2 O-O 16. axb5 axb5 {1-0 (56) Anand,V (2756)-Nepomniachtchi,I (2774) Amsterdam 2019}) 7... c5 8. Be4 (8. dxc5 $14 dxe5 9. Qe2 (9. Nxe5 Qc7 $14) (9. fxe5 Nd7 $14)) 8... d5 9. Bd3 {White has an edge.} c4 10. Bf1 Nh6 11. g3 O-O 12. Bh3 Nc6 13. O-O Bc8 14. Bg2 e6 15. Ne2 Bd7 16. h3 f5 17. exf6 Bxf6 18. g4 {Black must now prevent g5.} Nf7 19. Be3 Be7 20. Qd2 b4 21. Ng3 Nd6 22. c3 a5 {[%cal Ba6a5,Ba5a4][%mdl 32]} 23. Ne5 Bh4 24. Kh2 (24. f5 $5) 24... Rb8 (24... Nf7 $11) 25. Rf2 (25. f5 $14 bxc3 26. bxc3 Nxe5 27. dxe5) 25... a4 26. a3 {[%cal Ra3b4]} bxc3 27. bxc3 Rb3 (27... Rb5 $15) 28. Raf1 (28. f5 $1 $11) 28... Ne7 29. f5 exf5 {next ...Nf7 is good for Black.} 30. Bh6 f4 $2 {[%mdl 8192]} (30... Re8 $11 {and Black stays safe.}) 31. Rxf4 $18 Rxf4 (31... Bxg3+ $142 32. Kxg3 Rxf4 33. Qxf4 Nef5+ 34. gxf5 Nxf5+ 35. Kh2 Be6) 32. Qxf4 {Threatening mate with Qf8+.} Bf5 33. gxf5 Ndxf5 34. Nxf5 Nxf5 35. Ng4 Bg3+ 36. Qxg3 $1 Nxg3 {[#]} 37. Kxg3 {Played: Bg2xd5} 1-0

[Event "25th Bosnjaci Open 2020"]
[Site "Bosnjaci"]
[Date "2020.01.09"]
[Round "7.13"]
[White "Brkic, Zdenko"]
[Black "Andrijevic, Milan"]
[Result "1/2-1/2"]
[WhiteElo "2036"]
[BlackElo "2223"]
[Annotator "TA"]
[PlyCount "140"]
[EventDate "2020.01.03"]
[EventType "swiss"]
[EventCountry "CRO"]
[SourceTitle "playchess.com"]
[Source "ChessBase"]
[SourceQuality "1"]

{[%evp 15,140,31,31,33,29,27,25,25,38,39,59,0,8,0,23,33,28,-40,40,33,36,39,45,37,21,21,24,20,24,0,0,-26,0,-11,0,0,0,0,0,0,0,-9,-4,-9,0,0,0,0,0,0,0,0,0,-20,0,0,0,0,30,30,30,30,30,31,37,8,48,25,48,48,48,47,48,48,89,48,91,48,89,0,108,108,121,48,75,19,19,19,28,28,28,28,28,0,71,0,0,0,0,0,0,0,218,203,306,148,136,0,0,0,0,0,0,0,0,0,0,0,0,0,0,0,0,0,0,0,0]} 1. d4 d5 2. c4 e6 3. Nc3 Nf6 4. Nf3 c5 5. cxd5 exd5 6. Bg5 cxd4 7. Nxd4 Be7 8. e3 O-O 9. Bd3 {D32: Tarrasch Defence: Sidelines and lines without g3} (9. Be2 Nc6 10. O-O Be6 11. Qd2 Rc8 12. Rfd1 Ne5 13. Rac1 Nc4 14. Qc2 Qb6 15. b3 Nd6 16. Qb2 Rfd8 17. h3 a6 18. Rc2 h6 {½-½ (67) Aravindh,C (2598)-Swapnil,S (2488) New Delhi 2019}) 9... Nc6 10. O-O Nxd4 11. exd4 {White has an edge.} a6 12. Re1 Be6 13. Ne2 $146 (13. Bc2 $14) ({Predecessor:} 13. a4 Rc8 14. Qb3 Bd6 15. Nd1 Bxh2+ 16. Kh1 Bb8 17. Qxb7 Qd6 18. g3 Nh5 19. Rg1 Bg4 20. Qb3 Rc6 21. Kh2 f6 22. Bd2 Rb6 23. Qc2 f5 24. Ne3 Nf4 25. Nxg4 Qh6+ 26. Nxh6+ Rxh6# {0-1 (26) Keen,C (1867)-Miller,D (2031) England 2017}) 13... h6 14. Bh4 g5 15. Bg3 Ne4 16. f4 (16. Rc1 $11) 16... Bd6 ({Black should play} 16... Rc8 $15) 17. Bxe4 $14 dxe4 18. fxg5 hxg5 19. Bxd6 Qxd6 20. Qd2 Qe7 21. Nc3 f5 22. Re3 Rad8 23. Rd1 Bd5 24. Qe2 Qh7 25. Rg3 Qg6 26. Nxd5 Rxd5 27. Qc4 Rfd8 28. Qc7 R8d7 29. Qc8+ Kg7 30. Rh3 {Hoping for Qh8+.} Rd8 $1 {[%cal Rd8c8]} 31. Qc7+ R8d7 32. Qc8 Rd8 $1 {[%cal Rd8c8]} 33. Qxb7+ R5d7 34. Qb4 g4 35. Rc3 Qd6 36. Rc5 e3 (36... Rh8 $5 37. g3 $8 Rxh2 38. Kxh2 Qh6+ 39. Kg2 Qh3+ 40. Kf2 Qh2+ 41. Kf1 Qh1+ 42. Ke2 Qh2+ {[%mdl 64] Double Attack} 43. Kf1 Qh1+ 44. Ke2 Qh2+ {[%mdl 64] Double Attack} 45. Kf1 $11) 37. Qc3 e2 38. Re1 Qxd4+ 39. Qxd4+ Rxd4 40. Rxe2 $11 {[%mdl 4096] Endgame KRR-KRR} Kg6 (40... Rd1+ {keeps more tension.} 41. Kf2 Kf6 42. Rc6+ Kg5 43. Rxa6 Rh8) 41. Rc6+ R8d6 42. Rxd6+ Rxd6 $14 {KR-KR} 43. g3 a5 44. Kf2 Rd3 45. b3 Rc3 46. Rb2 Kf6 47. Re2 (47. Ke1 $16) 47... Kg5 (47... Kg6 $11) 48. Ke1 $1 $16 Rc5 49. Rf2 (49. Kd2 $16) 49... a4 $14 50. Kd2 (50. b4 $16 Rc1+ 51. Kd2) 50... a3 $1 $11 51. Rf4 Rd5+ 52. Kc3 Rd1 53. Rf2 {Black must now prevent Kb4.} Rb1 $1 54. Rc2 Kf6 (54... f4 $1 $11 {keeps the balance.}) 55. Kb4 (55. Re2 $16) 55... Rb2 56. Rc6+ Ke5 57. Kxa3 Rxh2 58. b4 Rf2 $2 {[#]} (58... Rh3 $11 {and Black stays safe.} 59. b5 Rxg3+ 60. Ka4 Rh3) 59. b5 $1 $18 {[%cal Rb5b6] And now b6 would win.} Rf3+ (59... Kd5 {is a better defense.} 60. Rf6 f4) 60. Kb4 (60. Ka4 $18 {aiming for b6.} Rf2 61. a3) 60... Rxg3 $16 {[#] Black wants to play ...Rg1.} 61. b6 (61. Rc1 $1 $16 {Threatens to win with b6.} Rg2 62. a4) 61... Rg1 $1 $11 {[%cal Rg1b1] The position is equal.} 62. Rc5+ Ke6 {...f4 is the strong threat.} 63. Ka5 {Threatening mate with b7.} Rb1 $1 64. Rb5 Rxb5+ 65. Kxb5 {White threatens b7 and mate. KPP-KPP} g3 (65... Kd7 $5 66. Ka6 $8 g3 $11) 66. b7 g2 67. b8=Q {Qg8+ would kill now.} g1=Q {( -> ...Qb1+)} 68. Qe8+ Kf6 69. Qf8+ Ke6 70. Qe8+ Kf6 {Accuracy: White = 60%, Black = 56%.} 1/2-1/2

[Event "25th Bosnjaci Open 2020"]
[Site "Bosnjaci"]
[Date "2020.01.09"]
[Round "7.14"]
[White "Birkic, Josip"]
[Black "Sipic, Hrvoje"]
[Result "0-1"]
[WhiteElo "1996"]
[BlackElo "2210"]
[Annotator "TA"]
[PlyCount "54"]
[EventDate "2020.01.03"]
[EventType "swiss"]
[EventCountry "CRO"]
[SourceTitle "playchess.com"]
[Source "ChessBase"]
[SourceQuality "1"]

{[%evp 22,54,80,51,39,44,59,43,58,0,0,-13,4,-70,-75,-119,-144,-197,-195,-195,-182,-258,-256,-341,-315,-406,-340,-332,-350,-648,-540,-943,-979,-1341,-1280]} 1. d4 c5 2. d5 Nf6 3. c4 b5 4. cxb5 a6 5. bxa6 Bxa6 6. Nc3 g6 7. Nf3 Bg7 8. e4 Bxf1 9. Kxf1 d6 10. g3 O-O 11. Kg2 Nbd7 12. Qe2 Qa5 {A59: Benko/Volga Gambit: White castles by hand} 13. a4 (13. Bd2 Rfb8 14. Rab1 Ng4 15. Ng5 Ngf6 16. f4 Ne8 17. h4 Qa6 18. Qf3 h6 19. Nh3 Nef6 20. Rhe1 {1-0 (51) Eljanov,P (2723)-Iturrizaga Bonelli,E (2653) Dubai 2014}) 13... Rfb8 14. Ra3 Rb4 {White is slightly better.} 15. Bd2 $146 ({White should play} 15. Re1 $14) ({Predecessor:} 15. b3 Qa6 16. Re1 Qxe2 17. Rxe2 Ng4 18. Bd2 c4 19. bxc4 Nge5 20. Nxe5 Nxe5 {½-½ (52) Makarian,R (2361)-Krylov,I (2411) Moscow 2018}) 15... Rxb2 {Threatens to win with ...Qb4.} 16. Nd1 {[#]} Rb4 $1 {[%mdl 512]} 17. Bxb4 (17. Re1 $11) 17... cxb4 $15 18. Ra2 b3 19. Rd2 {[#]} (19. Rb2 $17 {keeps fighting.} Qxa4 20. e5 dxe5 21. Nd2) 19... Nc5 $1 $19 20. Rd4 {[#]} Nfd7 $1 21. Rd2 (21. Rc4 {might work better.}) 21... Qxa4 22. Re1 Qb4 23. e5 Nxe5 24. Nxe5 Bxe5 ({Much less strong is} 24... dxe5 25. Ne3 $19) 25. f4 $2 (25. Qe3) 25... Bf6 {Black is clearly winning.} 26. h4 {[#]} Ne4 $1 {[%mdl 512]} 27. Rd3 {[#]} (27. Qxe4 Qxd2+) 27... Ra2 $1 {Accuracy: White = 13%, Black = 83%.} 0-1

[Event "25th Bosnjaci Open 2020"]
[Site "Bosnjaci"]
[Date "2020.01.08"]
[Round "8.1"]
[White "Zaja, Ivan"]
[Black "Runic, Zoran"]
[Result "1/2-1/2"]
[WhiteElo "2447"]
[BlackElo "2326"]
[Annotator "TA"]
[PlyCount "31"]
[EventDate "2020.01.03"]
[EventType "swiss"]
[EventCountry "CRO"]
[SourceTitle "playchess.com"]
[Source "ChessBase"]
[SourceQuality "1"]

{[%evp 21,24,10,23,22,21]} 1. d4 Nf6 2. Nf3 g6 3. Bf4 Bg7 4. e3 d6 5. h3 O-O 6. Be2 c5 7. c3 b6 8. O-O Bb7 9. Nbd2 Nbd7 10. a4 a6 11. Bh2 Ra7 12. Qb3 {A48: 1 d4 Nf6 2 Nf3 g6: Torre, London and Colle Systems} Qa8 {Predecessor:} 13. Rfd1 $146 Bc6 14. Qa3 Rc8 15. Bf1 Bf8 16. Ne1 {½-½ (58) Kamsky,G (2706)-Becerra Rivero,J (2551) ICC INT 2014} 1/2-1/2

[Event "25th Bosnjaci Open 2020"]
[Site "Bosnjaci"]
[Date "2020.01.10"]
[Round "8.2"]
[White "Fercec, Nenad"]
[Black "Plenkovic, Zdenko"]
[Result "1/2-1/2"]
[WhiteElo "2423"]
[BlackElo "2348"]
[Annotator "TA"]
[PlyCount "14"]
[EventDate "2020.01.03"]
[EventType "swiss"]
[EventCountry "CRO"]
[SourceTitle "playchess.com"]
[Source "ChessBase"]
[SourceQuality "1"]

{[%evp 10,14,18,-21,18,32,43]} 1. d4 d5 2. Nf3 Nf6 3. g3 e6 4. Bg2 Be7 5. c4 O-O 6. Qc2 a5 {E06: Closed Catalan: Early deviations} (6... c5 7. dxc5 Qa5+ 8. Nbd2 Qxc5 9. a3 b5 10. b4 Qc7 11. c5 a5 12. Bb2 Nc6 13. Nd4 Nxd4 14. Bxd4 e5 15. Bb2 axb4 16. axb4 Rxa1+ 17. Bxa1 {0-1 (52) Nepomniachtchi,I (2773)-Giri,A (2776) Kolkata 2019}) 7. O-O Nc6 $146 ({Predecessor:} 7... b6 8. cxd5 exd5 9. Bf4 Bd6 10. Ne5 h6 11. Nc3 Bb7 12. Nb5 Ne8 13. Rac1 c6 14. Nc3 Nd7 {0-1 (41) Andersen,M (2143)-Olsen,M (1990) Helsingor 2014}) 1/2-1/2

[Event "25th Bosnjaci Open 2020"]
[Site "Bosnjaci"]
[Date "2020.01.08"]
[Round "8.3"]
[White "Bobanac, Miro"]
[Black "Vidovic, Sasa"]
[Result "1/2-1/2"]
[WhiteElo "2218"]
[BlackElo "2187"]
[Annotator "TA"]
[PlyCount "33"]
[EventDate "2020.01.03"]
[EventType "swiss"]
[EventCountry "CRO"]
[SourceTitle "playchess.com"]
[Source "ChessBase"]
[SourceQuality "1"]

{[%evp 16,19,22,12,15,5]} 1. Nf3 Nf6 2. g3 d6 3. d4 c6 4. Bg2 Bg4 5. O-O Nbd7 6. c4 e5 7. dxe5 dxe5 8. Nc3 Be7 9. Qc2 O-O {A11: English Opening: 1...c6} 10. b3 {Predecessor:} Qc7 $146 11. h3 Bh5 12. Nh4 Rfe8 13. g4 Bg6 14. Nxg6 hxg6 15. Bb2 Nc5 16. Rad1 a5 17. e3 {0-1 (58) Sepp,O (2485)-Rublevsky,S (2683) Khanty-Mansiysk 2010} 1/2-1/2

[Event "25th Bosnjaci Open 2020"]
[Site "Bosnjaci"]
[Date "2020.01.08"]
[Round "8.4"]
[White "Sipic, Hrvoje"]
[Black "Rogulj, Branko"]
[Result "1/2-1/2"]
[WhiteElo "2210"]
[BlackElo "2386"]
[Annotator "TA"]
[PlyCount "95"]
[EventDate "2020.01.03"]
[EventType "swiss"]
[EventCountry "CRO"]
[SourceTitle "playchess.com"]
[Source "ChessBase"]
[SourceQuality "1"]

{[%evp 9,95,-9,9,-10,-2,-20,0,-32,-21,-62,-23,-20,-4,-28,-23,-27,-26,-58,-62,-69,-66,-87,-79,-108,-110,-120,-134,-130,-134,-171,-163,-167,-133,-197,-126,-127,-124,-137,-38,-41,-35,-58,-46,-41,3,-19,19,19,21,20,18,21,45,47,73,67,72,59,91,47,55,54,54,0,145,107,107,107,141,92,100,67,67,67,67,68,66,67,67,66,78,78,78,78,78,70,63,63]} 1. d4 Nf6 2. Bf4 c5 3. e3 Qb6 4. Nc3 a6 (4... cxd4 5. Qxd4 Qxb2 6. Rb1 Qa3 7. Bxb8 Rxb8 8. Rb3 Qa5 9. Rb5 Qc7 10. Rc5 Qb6 11. Qc4 Kd8 {0-1 (56) Zhang,Z (2636)-Caruana,F (2812) Douglas 2019}) 5. Rb1 cxd4 6. Qxd4 {A45: Trompowsky Attack} Qxd4 7. exd4 d6 8. Bc4 $146 {The position is equal.} ({Predecessor:} 8. h3 Bf5 9. Kd2 Nc6 10. Nf3 e6 11. Bd3 Bxd3 12. cxd3 {0-1 (29) Lenz,J (965)-Nowak,A (1514) LSS email 2013}) 8... b5 9. Bd5 Ra7 10. Bf3 Rc7 11. a3 h6 12. h4 Bf5 13. Kd2 Nbd7 14. Re1 Nb6 15. Nh3 Kd7 16. Ne4 Nfd5 17. g4 {[#]} Bh7 $1 18. c3 e6 19. g5 Na4 20. Kc1 Be7 21. Bd1 (21. gxh6 $17 {keeps fighting.} gxh6 22. Reg1) 21... Bf5 (21... Nxf4 $19 22. Nxf4 Bxe4 23. Rxe4 hxg5) 22. gxh6 $17 gxh6 {Threatens to win with ...Bxh3.} 23. Bg3 Nab6 (23... Rhc8 $17 {[%cal Ra4c3] ...Naxc3! is the strong threat.} 24. Nf4 {[#]} Ndxc3 $1 {[%mdl 512]} 25. Nxc3 Nxc3 26. bxc3 Rxc3+ {[%mdl 64] Double Attack} 27. Kb2 Bf6) 24. Nf4 $15 a5 {[%cal Ba6a5,Ba5b4][%mdl 32]} 25. Bc2 Nxf4 26. Bxf4 b4 (26... Rcc8 {with more complications.} 27. Ng3 Bxc2 28. Kxc2 Nd5 29. Bd2 h5) 27. axb4 {Black must now prevent Nc5+!} axb4 {[#] Strongly threatening ...Ra7.} (27... Bxe4 {keeps more tension.} 28. Bxe4 axb4 29. Kd2 Nc4+ 30. Ke2 Nxb2 31. cxb4 Na4) 28. Nc5+ $1 {[%mdl 512]} dxc5 29. Bxc7 Kxc7 30. Bxf5 {[%mdl 64] Pin} cxd4 31. cxd4 Bf6 32. Bd3 Bxd4 33. Kb1 Kd6 34. f4 Ke7 35. Re4 Rd8 36. Rd1 ({White should play} 36. Bc2 $14) 36... f6 (36... f5 $11 37. Re2 Bc5) 37. f5 e5 38. Rg4 Na4 39. Bc4 Kd6 40. Rg6 Kc5 41. Bb3 Nxb2 {[#]} 42. Rxd4 $1 {[%mdl 576] Remove Defender} Rxd4 (42... Kxd4 43. Kxb2) 43. Kxb2 Rxh4 44. Rxf6 $14 {KRB-KR} Rh2+ 45. Bc2 Rf2 46. Rxh6 e4 47. Re6 Rxf5 48. Rxe4 {Accuracy: White = 50%, Black = 63%.} 1/2-1/2

[Event "25th Bosnjaci Open 2020"]
[Site "Bosnjaci"]
[Date "2020.01.10"]
[Round "8.5"]
[White "Rosic, Slavko S"]
[Black "Matanovic, Luka"]
[Result "1-0"]
[WhiteElo "2295"]
[BlackElo "2256"]
[Annotator "TA"]
[PlyCount "117"]
[EventDate "2020.01.03"]
[EventType "swiss"]
[EventCountry "CRO"]
[SourceTitle "playchess.com"]
[Source "ChessBase"]
[SourceQuality "1"]

{[%evp 10,117,32,12,33,-11,21,-7,4,0,0,0,0,0,7,-11,0,-10,0,-6,-8,2,0,-6,-12,-148,-141,-137,-137,-152,-153,-145,-143,-186,-129,-123,-110,-136,-146,-171,-171,-171,-162,-180,-183,-177,-89,-89,-89,-89,-89,-89,-89,-89,-89,-89,-77,-81,-81,-81,-83,-85,-90,-139,-138,-341,0,-532,-506,-461,-411,-385,-321,-286,21,0,102,-8,66,60,141,70,107,106,114,104,187,193,172,181,318,277,313,298,1011,199,308,270,304,207,359,347,965,883,29945,2110,29959,954,5943,5813]} 1. e4 e5 2. Nf3 Nc6 3. Bb5 a6 4. Ba4 Nf6 5. Nc3 d6 6. O-O Be7 {C79: Ruy Lopez: Steinitz-type lines with 3...a6 4 Ba4 Nf6 5 0-0 d6} (6... b5 7. Bb3 Na5 8. h3 Be7 9. d3 O-O 10. Ne2 Nxb3 11. axb3 h6 12. Ng3 Be6 13. d4 exd4 14. Nxd4 Re8 15. Nxe6 fxe6 16. Qe2 Qd7 17. Rd1 Qc6 18. c3 Rf8 19. Kh1 Rf7 20. b4 Nd7 21. Be3 Ne5 22. Bd4 Raf8 23. f3 Ng6 24. Be3 Bf6 {½-½ (24) Bruzon Batista,L (2659)-Ghaem Maghami,E (2596) Berlin 2015}) 7. h3 O-O (7... b5 $5 {[%cal Rb5a4]} 8. Bb3 O-O $11) 8. Bb3 Nd4 {The position is equal.} 9. Re1 Nxb3 $146 ({Predecessor:} 9... Be6 10. Nxd4 exd4 11. Nd5 c5 12. d3 b5 13. a4 Bxd5 14. Bxd5 Nxd5 15. exd5 {½-½ (27) Eichhorn,E-McGrillen,H Ybbs 1968}) 10. axb3 c5 11. d3 h6 12. Be3 Be6 13. Ne2 Kh7 14. Qd2 Qd7 15. c4 Nh5 16. Nh2 g5 17. g4 (17. Nc3 $11) 17... Nf4 $1 $17 18. Bxf4 gxf4 19. Nc3 Rh8 20. Nd5 {White wants to play Nb6.} Rag8 21. f3 Bh4 (21... h5 $19 22. Rec1 f5 23. exf5 Bxd5 24. cxd5 Qxf5) 22. Re2 h5 23. Rg2 Rg6 24. Kf1 hxg4 25. hxg4 Kg7 {Strongly threatening ...Bg3.} 26. Ke2 Bg3 27. Kd1 Rgh6 (27... Bxd5 $19 28. cxd5 Bxh2 29. Rxh2 Rxh2 30. Qxh2 Rh6) 28. Nf1 Rh1 29. Kc2 R8h3 30. Rd1 Bh4 31. Nh2 Rxd1 32. Qxd1 Qd8 33. Nf1 Bg3 34. Nxg3 fxg3 35. Ne3 Qg5 36. Nf1 Qf4 37. Qe2 $2 (37. Rg1 $17 {is a better defense.}) 37... Kg6 $2 (37... Rh1 $19 38. b4 b5 39. bxc5 dxc5) 38. Kb1 $2 {[%mdl 8192]} (38. Rg1 $1 $11) 38... Rh1 $19 39. Kc2 Kg5 40. b4 cxb4 41. Nxg3 Rc1+ $2 (41... Ra1 $19 {White must now prevent ...Bd7.} 42. Qd2 Bd7) 42. Kb3 $11 {Nh5 is the strong threat.} Rb1 (42... Ra1 $11 {remains equal.} 43. Nf5 (43. Kxb4 Bd7 $15) 43... a5) 43. Qc2 (43. Nf5 $16) 43... Re1 ({Better is} 43... Qc1 $11) 44. Nf5 $1 $36 {[%mdl 2048] White has some pressure.} b5 (44... Rf1 $14) 45. Qf2 ({Much weaker is} 45. Nxd6 $6 bxc4+ 46. Nxc4 (46. dxc4 $2 Qe3+ 47. Kxb4 Qb6+ {[%mdl 64] Double Attack} 48. Nb5 axb5 $19) 46... Bxc4+ 47. dxc4 (47. Qxc4 Qxf3 48. Rd2 Qe3 $11) 47... Qe3+ 48. Ka4 (48. Ka2 $2 b3+ 49. Qxb3 Ra1+ {[%mdl 64] Deflection} 50. Kxa1 Qxb3 $19) 48... Rc1 $11) (45. Kxb4 $16 Rh1 46. Qe2 (46. cxb5 axb5 47. Kxb5 Qxf3 $16) (46. Nxd6 Qxf3 47. cxb5 axb5 $16)) 45... bxc4+ 46. Kxb4 {Threatening mate with Qh4+.} Rh1 47. dxc4 Rh3 (47... d5 $16 {keeps fighting.}) 48. Nxd6 $18 Rxf3 49. Qd2 Re3 (49... Rf1 $142 50. Qe2 Kg6) 50. Rf2 Rf3 51. Qxf4+ Kxf4 $2 {[%mdl 4096] Endgame KRB-KRN} (51... Rxf4 52. Rc2 Rf1) 52. Rg2 $2 (52. Rxf3+ Kxf3 53. c5) 52... Rd3 {[#]} (52... f6 $142 53. Ka5 Rb3 54. Rf2+ (54. Kxa6 Bd7 $16) 54... Kg5 55. Kxa6 Bd7) 53. c5 $1 Bxg4 54. Nxf7 {aiming for Rxg4+!} Bf3 $2 (54... Rd4+ 55. Kc3 Bd7) 55. Rf2 {Threatens to win with c6.} Kxe4 $2 (55... Rd4+ 56. Kc3 Kxe4 57. Ng5+ {[%mdl 64] Double Attack} Kd5 58. Rxf3 Rg4) 56. Ng5+ Kf4 57. Nxf3 (57. Rxf3+ $142 Rxf3 58. Nxf3 e4 59. Ne1 Kf5 60. Ka5 Ke5 61. Kxa6 Kf4 62. c6) 57... Ke3 {[#]} 58. Rh2 (58. Rd2 $142 $1 {[%mdl 512]} Rxd2 59. Nxd2 Kxd2 60. c6 e4 61. c7 e3 62. c8=Q e2 63. Qc3+ Kd1 64. Qd3+ {[%mdl 64] Double Attack} Ke1 65. Qf3) 58... Rd1 59. Nxe5 {Accuracy: White = 35%, Black = 46%.} 1-0

[Event "25th Bosnjaci Open 2020"]
[Site "Bosnjaci"]
[Date "2020.01.08"]
[Round "8.6"]
[White "Babic, Zvonko"]
[Black "Zadravec, Matija"]
[Result "1/2-1/2"]
[WhiteElo "2165"]
[BlackElo "2179"]
[Annotator "TA"]
[PlyCount "32"]
[EventDate "2020.01.03"]
[EventType "swiss"]
[EventCountry "CRO"]
[SourceTitle "playchess.com"]
[Source "ChessBase"]
[SourceQuality "1"]

{[%evp 12,32,-4,-7,14,-14,14,0,4,2,0,9,10,-12,0,0,0,-6,0,10,16,0,68]} 1. d4 Nf6 2. Nf3 e6 3. g3 b5 4. Bg2 Bb7 5. O-O c5 6. a4 b4 7. c4 {The position is equal.} bxc3 {A46: 1 d4 Nf6 2 Nf3 e6: Torre, London and Colle Systems} (7... d6 8. dxc5 d5 9. a5 dxc4 10. Qa4+ Bc6 11. Qxb4 Nbd7 12. Qxc4 Bxc5 13. Be3 Bd5 14. Qc3 Rc8 15. Bxc5 Nxc5 {1-0 (30) Lenderman,A (2598)-Gareyev,T (2599) Mesa 2010}) 8. bxc3 d5 9. Nbd2 Nbd7 10. Ba3 Be7 11. c4 O-O 12. Re1 dxc4 $146 ({Predecessor:} 12... Rc8 13. cxd5 Nxd5 {0-1 (34) Siebrecht,S (2426)-Grooten,H (2379) Germany 2003}) 13. Nxc4 Rc8 14. Rc1 cxd4 {[#] White must now prevent ...Rxc4!} 15. Bxe7 Qxe7 16. Qxd4 Rc5 ({Better is} 16... Bxf3 $11 17. Bxf3 Qb4) 1/2-1/2

[Event "25th Bosnjaci Open 2020"]
[Site "Bosnjaci"]
[Date "2020.01.08"]
[Round "8.7"]
[White "Kovacevic, Blazimir"]
[Black "Nikic, Patrick"]
[Result "1-0"]
[WhiteElo "2451"]
[BlackElo "2076"]
[Annotator "TA"]
[PlyCount "83"]
[EventDate "2020.01.03"]
[EventType "swiss"]
[EventCountry "CRO"]
[SourceTitle "playchess.com"]
[Source "ChessBase"]
[SourceQuality "1"]

{[%evp 19,98,16,47,0,0,0,0,0,27,21,21,22,39,25,37,32,67,24,17,20,12,14,27,25,26,52,39,28,52,9,31,9,29,31,83,95,97,2,2,2,5,7,7,0,0,0,11,6,6,0,7,6,7,8,6,8,25,6,15,0,0,1,81,81,81,81,81,81,583,493,2109,1734,5887,5057,29976,29974,29983,29984,29985,29986,29999]} 1. Nf3 c5 2. c4 Nc6 3. d4 cxd4 4. Nxd4 Nf6 5. Nc3 e6 6. g3 Bc5 7. Nb3 Be7 8. Bg2 O-O 9. O-O d6 10. Bf4 Nh5 11. Qd2 $146 {A33: Symmetrical English: 2 Nf3 Nf6 3 d4 cxd4 4 Nxd4 e6 5 Nc3 Nc6} ({Predecessor:} 11. Be3 Ne5 12. c5 d5 13. Bd4 Nc6 14. e4 Nxd4 15. Qxd4 dxe4 16. Qxe4 Nf6 17. Qe5 Bd7 18. Bxb7 Qb8 19. Qxb8 Raxb8 {1-0 (36) Kasparov,G (2838)-Oral,T (2546) Prague 2001}) 11... Nxf4 12. Qxf4 Bd7 13. Rfd1 {The position is equal.} Qb8 14. c5 {[%cal Rc5d6]} d5 15. Qxb8 Nxb8 16. e4 dxe4 17. Nxe4 Ba4 18. Nc3 Bc6 19. Na5 Bxg2 20. Kxg2 Bxc5 21. Nxb7 Be7 22. Rac1 a5 23. Na4 Ra6 24. b3 (24. Rc7 $5 {[%cal Rc7e7]} Bf6 25. Nbc5 $14) 24... Bb4 25. Rc4 Rc6 26. Nd8 Rd6 ({Black should try} 26... Ra6 $14) 27. Rxd6 $16 Bxd6 28. Nc6 (28. Nb7 $16 Bb4 29. Nb2) 28... Nxc6 $11 29. Rxc6 {[%mdl 4096] Endgame KRB-KRN} Bb4 30. Nb6 g5 31. Kf3 Kg7 32. Nc4 Rb8 33. g4 Rb5 34. Ke2 Rd5 35. h3 Kg6 36. a3 Be7 37. Rb6 h6 38. Rb7 Bf6 39. a4 Bc3 $1 40. Rb5 {Strongly threatening Rxd5.} f5 (40... Kf6 $11 {keeps the balance.}) 41. Rxd5 $16 exd5 {KB-KN} 42. Nb6 {Played: Nc4-e3} 1-0